Your Sunday Sporcle Crossword 2011-01-30 Quiz Stats

Quiz not verified by Sporcle

Challenge
Share
Tweet
Embed
Score 0/115 Timer 15:00
0 Plays Today
Down clues Answer % Correct
Word 1: Inscribed pillar
Word 2: __-Wan Kenobi
Ι
95.8%
Word 1: Inscribed pillar
Word 2: __-Wan Kenobi
95.4%
Word 1: Inscribed pillar
Word 2: __-Wan Kenobi
О
91.6%
Word 1: Inscribed pillar
Word 2: __-Wan Kenobi
Β
91.5%
Word 1: Antiquated
Word 2: Swelling
89.6%
Word 1: Cause of overtime
Word 2: Tickle pink
88.9%
Word 1: Antiquated
Word 2: Swelling
86.5%
Word 1: 'Othello' has 5
Word 2: Word seen above 'Shift'
86.2%
Word 1: Invade & occupy
Word 2: The crowd's the 12th one
Ν
86.2%
Word 1: 'Othello' has 5
Word 2: Word seen above 'Shift'
85.2%
Word 1: Inscribed pillar
Word 2: __-Wan Kenobi
83.9%
Word 1: Cause of overtime
Word 2: Tickle pink
Τ
83.6%
Word 1: Cause of overtime
Word 2: Tickle pink
Ι
83.5%
Word 1: Invade & occupy
Word 2: The crowd's the 12th one
83.4%
Word 1: Flipchart support
Word 2: U.S.A.F. N.C.O.
83.1%
Word 1: Articulated
Word 2: Keanu quote, often
83.1%
They are cheered on
by the Flight Crew
Ѕ
82.4%
Word 1: Antiquated
Word 2: Swelling
Ŀ
80%
Word 1: 'Othello' has 5
Word 2: Word seen above 'Shift'
79.6%
Word 1: Flipchart support
Word 2: U.S.A.F. N.C.O.
79.2%
Word 1: Cheerful tune
Word 2: 'That was easy' chain
78.8%
Word 1: 'Othello' has 5
Word 2: Word seen above 'Shift'
Ν
77.9%
Word 1: Cheerful tune
Word 2: 'That was easy' chain
Α
76.9%
Word 1: Cause of overtime
Word 2: Tickle pink
Ε
75.4%
They are cheered on
by the Flight Crew
Ε
74.1%
Word 1: Antiquated
Word 2: Swelling
D
73.8%
They began as the
Decatur Staleys
Β
73.7%
Word 1: Invade & occupy
Word 2: The crowd's the 12th one
ν
73.3%
Word 1: Cause of overtime
Word 2: Tickle pink
Τ
73.2%
Word 1: 'Othello' has 5
Word 2: Word seen above 'Shift'
Τ
73%
Word 1: Antiquated
Word 2: Swelling
О
72.9%
Word 1: Inscribed pillar
Word 2: __-Wan Kenobi
71.9%
Word 1: Flipchart support
Word 2: U.S.A.F. N.C.O.
71.7%
Word 1: Invade & occupy
Word 2: The crowd's the 12th one
R
71.6%
Word 1: 'Othello' has 5
Word 2: Word seen above 'Shift'
Α
70.9%
They are cheered on
by the Flight Crew
Υ
70.3%
Word 1: Antiquated
Word 2: Swelling
70.1%
Word 1: Invade & occupy
Word 2: The crowd's the 12th one
R
69.7%
They are cheered on
by the Flight Crew
О
69.6%
Down clues Answer % Correct
Word 1: Inscribed pillar
Word 2: __-Wan Kenobi
Τ
69.3%
Word 1: 'Othello' has 5
Word 2: Word seen above 'Shift'
С
68.5%
Word 1: Cause of overtime
Word 2: Tickle pink
D
68.4%
Word 1: Antiquated
Word 2: Swelling
Ε
68.1%
Word 1: Invade & occupy
Word 2: The crowd's the 12th one
Μ
68%
Word 1: Inscribed pillar
Word 2: __-Wan Kenobi
Ε
67.9%
Word 1: 'Othello' has 5
Word 2: Word seen above 'Shift'
Ε
67.9%
Word 1: Invade & occupy
Word 2: The crowd's the 12th one
Α
67.6%
Word 1: Cheerful tune
Word 2: 'That was easy' chain
Ρ
66.5%
Word 1: Cheerful tune
Word 2: 'That was easy' chain
Ѕ
65.9%
Word 1: 'Othello' has 5
Word 2: Word seen above 'Shift'
Ε
65.8%
Word 1: 'Othello' has 5
Word 2: Word seen above 'Shift'
R
65.2%
Word 1: 'Othello' has 5
Word 2: Word seen above 'Shift'
Ѕ
64.7%
They began as the
Decatur Staleys
Ε
63.6%
They began as the
Decatur Staleys
С
63.6%
Word 1: Invade & occupy
Word 2: The crowd's the 12th one
Ν
63.5%
They began as the
Decatur Staleys
Н
63.4%
Word 1: Cause of overtime
Word 2: Tickle pink
Ŀ
63.1%
Word 1: 'Othello' has 5
Word 2: Word seen above 'Shift'
Τ
62.2%
They are cheered on
by the Flight Crew
Κ
61.2%
Word 1: Invade & occupy
Word 2: The crowd's the 12th one
Ε
61.2%
Word 1: Cause of overtime
Word 2: Tickle pink
Ε
61.1%
Word 1: Invade & occupy
Word 2: The crowd's the 12th one
61%
Word 1: Cheerful tune
Word 2: 'That was easy' chain
Ŀ
60.8%
Word 1: Antiquated
Word 2: Swelling
Ε
60.3%
Word 1: Flipchart support
Word 2: U.S.A.F. N.C.O.
Ε
60.3%
Word 1: Articulated
Word 2: Keanu quote, often
60%
Word 1: Cheerful tune
Word 2: 'That was easy' chain
Ŀ
59.9%
Word 1: Cheerful tune
Word 2: 'That was easy' chain
Τ
59.9%
Word 1: Cheerful tune
Word 2: 'That was easy' chain
Ѕ
59.8%
Word 1: Articulated
Word 2: Keanu quote, often
59.4%
Word 1: Inscribed pillar
Word 2: __-Wan Kenobi
Α
59%
They are cheered on
by the Flight Crew
R
59%
Word 1: Flipchart support
Word 2: U.S.A.F. N.C.O.
Ŀ
58.4%
Word 1: Articulated
Word 2: Keanu quote, often
Τ
58.3%
Word 1: Flipchart support
Word 2: U.S.A.F. N.C.O.
Ε
58.3%
They are cheered on
by the Flight Crew
58.1%
Word 1: Cause of overtime
Word 2: Tickle pink
Ι
58%
Word 1: Antiquated
Word 2: Swelling
D
57.8%
Down clues Answer % Correct
Word 1: Invade & occupy
Word 2: The crowd's the 12th one
О
57.8%
They began as the
Decatur Staleys
Ǥ
57.7%
Word 1: Cheerful tune
Word 2: 'That was easy' chain
Ι
57.5%
Word 1: Flipchart support
Word 2: U.S.A.F. N.C.O.
Ѕ
57.3%
They began as the
Decatur Staleys
Α
57.2%
Word 1: Cheerful tune
Word 2: 'That was easy' chain
Ε
57.2%
Word 1: Cause of overtime
Word 2: Tickle pink
Ǥ
56.9%
Word 1: Inscribed pillar
Word 2: __-Wan Kenobi
Ŀ
56.1%
They are cheered on
by the Flight Crew
Ν
56.1%
They began as the
Decatur Staleys
Α
56%
Word 1: Inscribed pillar
Word 2: __-Wan Kenobi
Ѕ
55.7%
Word 1: Articulated
Word 2: Keanu quote, often
Ε
55.7%
They began as the
Decatur Staleys
С
55.5%
Word 1: Cause of overtime
Word 2: Tickle pink
Н
55.4%
Word 1: Flipchart support
Word 2: U.S.A.F. N.C.O.
Ѕ
54.1%
They are cheered on
by the Flight Crew
Ε
53.9%
They are cheered on
by the Flight Crew
Ј
53.2%
Word 1: Articulated
Word 2: Keanu quote, often
R
53%
They began as the
Decatur Staleys
О
52.8%
Word 1: Antiquated
Word 2: Swelling
Α
52.5%
Word 1: Antiquated
Word 2: Swelling
Μ
52.3%
They began as the
Decatur Staleys
Ѕ
52.1%
They are cheered on
by the Flight Crew
Τ
51.8%
Word 1: Articulated
Word 2: Keanu quote, often
Н
51.6%
They began as the
Decatur Staleys
Ι
51%
Word 1: Articulated
Word 2: Keanu quote, often
Ε
50.7%
They began as the
Decatur Staleys
R
50.3%
Word 1: Flipchart support
Word 2: U.S.A.F. N.C.O.
Α
49.9%
Word 1: Cheerful tune
Word 2: 'That was easy' chain
Τ
47.8%
Word 1: Articulated
Word 2: Keanu quote, often
D
47.5%
Word 1: Articulated
Word 2: Keanu quote, often
Α
47.2%
Word 1: Flipchart support
Word 2: U.S.A.F. N.C.O.
Ѕ
47.2%
Word 1: Articulated
Word 2: Keanu quote, often
Τ
44.4%
Word 1: Articulated
Word 2: Keanu quote, often
О
44%
Word 1: Cheerful tune
Word 2: 'That was easy' chain
Ŀ
40.3%
Word 1: Flipchart support
Word 2: U.S.A.F. N.C.O.
Τ
38.1%
Word 1: Flipchart support
Word 2: U.S.A.F. N.C.O.
Ǥ
34%

You're not logged in!

Compare scores with friends on all Sporcle quizzes.
Sign Up with Email
OR
Log In

You Might Also Like...

Show Comments

Extras

Top Quizzes Today


Score Distribution

Your Account Isn't Verified!

In order to create a playlist on Sporcle, you need to verify the email address you used during registration. Go to your Sporcle Settings to finish the process.